00322nam a2200145Ia 4500008004100000020001500041041001200056082001600068100001400084245003000098250000800128260002500136300000800161650000700169221030s9999 xx 000 0 und d a8120309685 aEnglish a105.23bKuo aB. C. Kuo 0aAutomatic Control Systems a7th bPHIaNew Delhic1995 a897 aEE